000 00328nam a2200121Ia 4500
008 240731s9999 xx 000 0 und d
022 _a2993-2092
245 0 _aCritical Insights in Geochemistry and Geophysics
260 _bTaylor & Francis
856 _uhttps://www.tandfonline.com/loi/tgch20
942 _2ddc
942 _cTFEJ
999 _c76115
_d76115
945 _a1
_bMadushi Gamage
_c1
_dMadushi Gamage